[Event "Linares Anibal op 8th"]
[Site "Linares"]
[Date "2001.01.10"]
[Round "3"]
[White "Zhang Zhong"]
[Black "Nalbandian, Tigran"]
[Result "1-0"]
[WhiteElo "2607"]
[BlackElo "2481"]
[PlyCount "87"]
[EventDate "2001.01.08"]
[Source "ChessBase"]
[SourceDate "2001.03.20"]

1. e4 Nf6 2. e5 Nd5 3. d4 d6 4. Nf3 Bg4 5. Be2 e6 6. O-O Be7 7. h3 Bh5 8. c4 Nb6 9. Nc3 O-O 10. Be3 Nc6 11. exd6 cxd6 12. b3 d5 13. c5 Bxf3 14. Bxf3 Nc8 15. b4 Bf6 16. b5 Na5 17. Be2 Ne7 18. Bd3 b6 19. c6 Nc8 20. f4 Nd6 21. Bf2 g6 22. Re1 a6 23. a4 Nac4 24. Qe2 Qc7 25. g4 Rfe8 26. Kg2 Bg7 27. f5 axb5 28. axb5 Rxa1 29. Rxa1 exf5 30. Nxd5 Rxe2 31. Ra8+ Qc8 32. Rxc8+ Nxc8 33. Bxe2 N4d6 34. gxf5 Nxf5 35. Bg4 Ncd6 36. Bxf5 gxf5 37. Nxb6 Nxb5 38. d5 Kf8 39. Bc5+ Ke8 40. d6 Be5 41. d7+ Kd8 42. Nd5 Bd6 43. Bb6+ Nc7 44. Kf3 1-0

[Event "Ch Macedonia (team)"]
[Site "Struga (Macedonia)"]
[Date "2007.07.27"]
[Round "5"]
[White "Nestorovic Nikola"]
[Black "Georgiev Kiril (BUL)"]
[Result "1-0"]
[WhiteElo "2424"]
[BlackElo "2663"]
[PlyCount "155"]
[EventDate "2007.??.??"]
[Source "www.chesslib.no"]
[SourceDate "2004.05.04"]

1. e4 Nf6 2. e5 Nd5 3. d4 d6 4. Nf3 Bg4 5. Be2 e6 6. O-O Be7 7. c4 Nb6 8. exd6 cxd6 9. Nc3 O-O 10. b3 Nc6 11. d5 exd5 12. cxd5 Bxf3 13. Bxf3 Ne5 14. Be2 Rc8 15. Bb2 Bf6 16. Qd2 Ng6 17. Rad1 Re8 18. Rfe1 Rc5 19. Bf3 Be5 20. g3 Re7 21. Be4 Qc8 22. Rc1 Rec7 23. Re3 f5 24. Bg2 f4 25. Rd3 a6 26. Be4 Qg4 27. Bf3 Qf5 28. Re1 h5 29. Rc1 Nd7 30. Be4 Qf6 31. Bf3 Qf5 32. Be4 Qf7 33. Rf3 b5 34. a3 Nf6 35. Bf5 Nf8 36. gxf4 Bxc3 37. Rcxc3 Nxd5 38. Rxc5 dxc5 39. Be4 Rd7 40. Qc2 Nxf4 41. h4 N8e6 42. Bh7+ Kh8 43. Bf5 Qe7 44. Bxe6 Nxe6 45. Qg6 Kg8 46. Qxh5 Rd1+ 47. Kh2 Rd8 48. Qg4 Nd4 49. Rg3 Qf7 50. Kg2 Qd5+ 51. Kh2 Rd7 52. h5 Rf7 53. Bxd4 cxd4 54. h6 Qf5 55. Qxf5 Rxf5 56. Rxg7+ Kh8 57. Kg2 Rd5 58. Kf1 d3 59. Ke1 d2+ 60. Kd1 Rd3 61. Rg3 Rd6 62. Rh3 Kh7 63. f4 b4 64. axb4 Rd4 65. f5 Rxb4 66. Kxd2 Rf4 67. Rd3 a5 68. Kc3 Rxf5 69. Rd6 Rb5 70. Ra6 Rf5 71. Kb2 Rd5 72. Ka3 Rb5 73. Rd6 Re5 74. Ka4 Rg5 75. Ra6 Rg3 76. Rxa5 Kxh6 77. Rf5 Kg6 78. Rf1 1-0

[Event "FRA-chT"]
[Site "France"]
[Date "2002.05.03"]
[Round "10.4"]
[White "Apicella, Manuel"]
[Black "Baburin, Alexander"]
[Result "1/2-1/2"]
[WhiteElo "2520"]
[BlackElo "2565"]
[PlyCount "105"]
[EventDate "2002.02.01"]
[Source "ChessBase"]
[SourceDate "2002.07.08"]

1. e4 Nf6 2. e5 Nd5 3. d4 d6 4. Nf3 Bg4 5. Be2 e6 6. c4 Nb6 7. h3 Bh5 8. exd6 cxd6 9. Be3 Be7 10. O-O O-O 11. Nc3 d5 12. c5 Bxf3 13. Bxf3 Nc4 14. Bf4 Nc6 15. b3 N4a5 16. Rb1 Bf6 17. Be3 b6 18. cxb6 Qxb6 19. Na4 Qb4 20. Qd3 Nb7 21. Rfd1 Nd6 22. Rbc1 Rac8 23. Rc5 Nf5 24. Qa6 Nce7 25. Qxa7 Nxe3 26. fxe3 Bg5 27. Kh1 Nf5 28. Qb6 Rb8 29. Qxb4 Rxb4 30. Rd3 Bxe3 31. g4 Rxd4 32. Rcc3 Ng3+ 33. Kg2 Rxd3 34. Rxd3 Bf4 35. b4 Ra8 36. Bd1 Ne4 37. b5 Bd6 38. b6 Kf8 39. b7 Rb8 40. Rb3 Ke7 41. Be2 g6 42. Ba6 f5 43. Rb2 Nc5 44. Nxc5 Bxc5 45. gxf5 gxf5 46. Bd3 Kd6 47. a4 Kc7 48. Rc2 Kc6 49. Re2 Kd6 50. Rb2 Kc7 51. Rc2 Kc6 52. Re2 Kd6 53. Rb2 1/2-1/2

[Event "XXVIII Open internazionale"]
[Site "Benasque SPA"]
[Date "2008.07.06"]
[Round "4"]
[White "BABAEV, Rashad"]
[Black "SPRAGGETT, Kevin"]
[Result "1/2-1/2"]
[WhiteElo "2484"]
[BlackElo "2601"]
[PlyCount "37"]
[EventDate "2008.07.03"]
[Source "www.chesslib.no"]
[SourceDate "2004.05.04"]

1. e4 Nf6 2. e5 Nd5 3. d4 d6 4. Nf3 Bg4 5. Be2 Nc6 6. c4 Nb6 7. exd6 exd6 8. O-O Be7 9. d5 Bxf3 10. Bxf3 Ne5 11. Be2 O-O 12. Qc2 Re8 13. Be3 g6 14. Nd2 Ned7 15. Nf3 Bf6 16. Rad1 a5 17. b3 Nc5 18. Rfe1 Nbd7 19. Nd4 1/2-1/2

[Event "TCh-CZE Extraliga 2003-4"]
[Site "Czech Rep"]
[Date "2004.01.10"]
[Round "5"]
[White "Oral, Tomas"]
[Black "Cicak, Slavko"]
[Result "1-0"]
[WhiteElo "2553"]
[BlackElo "2528"]
[PlyCount "75"]
[EventDate "2004.01.08"]
[Source "Roberto Alvarez"]
[SourceDate "2004.04.05"]

1. e4 Nf6 2. e5 Nd5 3. d4 d6 4. Nf3 Bg4 5. Be2 e6 6. O-O Be7 7. c4 Nb6 8. Nc3 O-O 9. Be3 N8d7 10. exd6 cxd6 11. b3 Nf6 12. a4 a5 13. Rc1 d5 14. Nb5 Ne8 15. Qd2 dxc4 16. bxc4 Bb4 17. Qa2 Nc7 18. Rfd1 Nxb5 19. axb5 Nc8 20. h3 Bf5 21. d5 Qe7 22. Nd4 Bc5 23. Bf3 Bxd4 24. Bxd4 exd5 25. Bxd5 Kh8 26. c5 Be6 27. Bxe6 Qxe6 28. Qxe6 fxe6 29. Be5 Kg8 30. Rd7 Rf7 31. Rcd1 b6 32. Rd8+ Rf8 33. R8d7 Rf7 34. Rd8+ Rf8 35. Rxf8+ Kxf8 36. Rd8+ Ke7 37. Rxc8 Rxc8 38. cxb6 1-0

[Event "URS-ch sf"]
[Site "Daugavpils"]
[Date "1978.??.??"]
[Round "?"]
[White "Tseshkovsky, Vitaly"]
[Black "Alburt, Lev O"]
[Result "1-0"]
[WhiteElo "2570"]
[BlackElo "2510"]
[PlyCount "71"]
[EventDate "1978.06.??"]
[Source "ChessBase"]

1. e4 Nf6 2. e5 Nd5 3. d4 d6 4. Nf3 Bg4 5. Be2 e6 6. O-O Be7 7. c4 Nb6 8. Be3 O-O 9. Nc3 d5 10. c5 Bxf3 11. gxf3 Nc8 12. f4 Nc6 13. f5 exf5 14. Bf3 Bg5 15. Nxd5 f4 16. Nxf4 Bxf4 17. Bxf4 Qxd4 18. Bg3 N8e7 19. Qc2 Qd7 20. Qe4 Qe6 21. b4 Nf5 22. Rfe1 Rfe8 23. Qf4 Nfd4 24. Bg4 Qg6 25. b5 Nxe5 26. Bd1 Nec6 27. Rxe8+ Rxe8 28. bxc6 Re1+ 29. Kg2 Qd3 30. Be2 Rxe2 31. cxb7 Rb2 32. c6 Qc4 33. Qe4 h6 34. Rd1 Qxc6 35. Rxd4 Qxb7 36. Rd8# 1-0

[Event "Russia (ch)"]
[Site "?"]
[Date "1995.??.??"]
[Round "?"]
[White "Aseev, K."]
[Black "Sorokin, M."]
[Result "1-0"]
[WhiteElo "2530"]
[BlackElo "2550"]
[PlyCount "85"]
[EventDate "1995.??.??"]
[Source "ChessBase"]
[SourceDate "1995.10.01"]

1. e4 Nf6 2. e5 Nd5 3. d4 d6 4. Nf3 Bg4 5. Be2 Nc6 6. O-O Nb6 7. h3 Bxf3 8. Bxf3 e6 9. Nc3 d5 10. Ne2 Be7 11. Nf4 O-O 12. g3 Nb8 13. b3 a5 14. c4 c6 15. Rb1 Na6 16. Qe2 Nc7 17. Rd1 Nd7 18. h4 Kh8 19. Bg4 b5 20. Be3 Nb6 21. cxb5 Nxb5 22. Rbc1 Bb4 23. Qd3 Qd7 24. a4 Na7 25. Bd2 Qe7 26. Nh3 Nd7 27. Bxb4 Qxb4 28. Ng5 g6 29. Qe3 Qe7 30. Kg2 Kg7 31. Rh1 h6 32. Nh3 c5 33. dxc5 Rfc8 34. Nf4 Rxc5 35. Bxe6 Rxc1 36. Rxc1 fxe6 37. Rc7 Nc8 38. Qd3 Qf7 39. Rxd7 Qxd7 40. Qxg6+ Kf8 41. Qxh6+ Ke7 42. Qf6+ Ke8 43. Qh8+ 1-0

[Event "La Habana"]
[Site "?"]
[Date "1999.??.??"]
[Round "?"]
[White "Slobodjan, R."]
[Black "Nogueiras, J."]
[Result "1-0"]
[WhiteElo "2535"]
[BlackElo "2540"]
[PlyCount "77"]
[EventDate "1999.??.??"]
[Source "Chess Informant"]
[SourceDate "1999.06.01"]

1. e4 Nf6 2. e5 Nd5 3. d4 d6 4. Nf3 Bg4 5. Be2 e6 6. O-O Be7 7. c4 Nb6 8. Nc3 O-O 9. Be3 Nc6 10. exd6 cxd6 11. b3 d5 12. c5 Bxf3 13. Bxf3 Nc8 14. Be2 Bf6 15. Bb5 N8e7 16. Ne2 Qa5 17. Bd3 e5 18. a3 exd4 19. b4 Qd8 20. Bc1 Ne5 21. Bb2 N7c6 22. Nxd4 Nxd3 23. Qxd3 Ne5 24. Qb3 Nc4 25. Bc3 a5 26. Rfd1 Re8 27. Nf3 axb4 28. axb4 Rxa1 29. Bxa1 Bxa1 30. Rxa1 g5 31. h3 h5 32. Qc3 g4 33. Nh2 gxh3 34. Qxh3 Qg5 35. Rd1 Nd2 36. Nf3 Nxf3+ 37. Qxf3 Rd8 38. Rd4 Qe5 39. Rh4 1-0

[Event "Ckhaltubo"]
[Site "Ckhaltubo"]
[Date "1981.??.??"]
[Round "?"]
[White "Giorgadze, Tamaz"]
[Black "Vasiukov, Evgeni A"]
[Result "1/2-1/2"]
[WhiteElo "2530"]
[BlackElo "2545"]
[PlyCount "81"]
[EventDate "1981.??.??"]
[Source "www.chesslib.no"]
[SourceDate "2004.05.04"]

1. e4 Nf6 2. e5 Nd5 3. d4 d6 4. Nf3 Bg4 5. Be2 e6 6. c4 Nb6 7. exd6 cxd6 8. O-O Be7 9. Nc3 O-O 10. b3 Nc6 11. Be3 d5 12. c5 Nc8 13. b4 a6 14. Rb1 Bf6 15. a4 N8e7 16. b5 Na5 17. Nd2 Bxe2 18. Qxe2 b6 19. c6 Nf5 20. Qd3 axb5 21. axb5 Ra7 22. Ra1 Qd6 23. Ra4 Rfa8 24. Rfa1 Qd8 25. Qc2 h5 26. Nb3 Nxb3 27. Qxb3 Rxa4 28. Rxa4 Rc8 29. h3 h4 30. Ne2 Bg5 31. f4 Be7 32. Ra7 Rc7 33. Ra6 Rc8 34. Ra7 Bd6 35. Bf2 Bc7 36. Ra4 g6 37. Qd3 Kg7 38. Be1 Ra8 39. Qa3 Rc8 40. Qd3 Nd6 41. Ra2 1/2-1/2

[Event "Itabirito 74/102"]
[Site "?"]
[Date "1998.??.??"]
[Round "?"]
[White "Vescovi, Giovanni"]
[Black "Leitao, Rafael"]
[Result "0-1"]
[WhiteElo "2525"]
[BlackElo "2550"]
[PlyCount "72"]
[Source "ChessBase"]
[SourceDate "1998.10.01"]

1. e4 Nf6 2. e5 Nd5 3. d4 d6 4. Nf3 Bg4 5. Be2 e6 6. c4 Nb6 7. h3 Bh5 8. exd6 cxd6 9. Nc3 Be7 10. d5 e5 11. g4 Bg6 12. Be3 N8d7 13. h4 h5 14. g5 a6 15. b3 Qc7 16. Bd3 O-O 17. Ne4 Bxe4 18. Bxe4 g6 19. Nd2 Nc5 20. Qc2 Nxe4 21. Qxe4 Nd7 22. O-O Nc5 23. Bxc5 Qxc5 24. Kh1 Rae8 25. f4 exf4 26. Rae1 Qc8 27. Qg2 Qg4 28. Qh2 Bd8 29. Ne4 f3 30. Rg1 Rxe4 31. Rxg4 Rxe1+ 32. Rg1 Rfe8 33. Qf2 R1e2 34. Qg3 Bb6 35. Rf1 R8e4 36. Qh3 Rg4 0-1

[Event "Keres mem op"]
[Site "Tallin"]
[Date "1998.06.21"]
[Round "8"]
[White "Miezis, Normunds"]
[Black "Kengis, Edvins"]
[Result "1/2-1/2"]
[WhiteElo "2505"]
[BlackElo "2565"]
[PlyCount "27"]
[EventDate "1998.06.??"]
[Source "www.chesslib.no"]
[SourceDate "2004.05.04"]

1. e4 Nf6 2. e5 Nd5 3. d4 d6 4. Nf3 Bg4 5. exd6 cxd6 6. h3 Bh5 7. c4 Nb6 8. Nc3 e6 9. Be3 Be7 10. a4 O-O 11. a5 N6d7 12. Be2 Nc6 13. d5 exd5 14. Nxd5 1/2-1/2

[Event "Foxboro m"]
[Site "Foxboro"]
[Date "1985.??.??"]
[Round "3"]
[White "Short, Nigel D"]
[Black "Alburt, Lev O"]
[Result "1-0"]
[WhiteElo "2535"]
[BlackElo "2535"]
[PlyCount "119"]
[EventDate "1985.01.??"]
[Source "ChessBase"]

1. e4 Nf6 2. e5 Nd5 3. d4 d6 4. Nf3 Bg4 5. Be2 e6 6. O-O Be7 7. c4 Nb6 8. Nc3 O-O 9. Be3 d5 10. c5 Bxf3 11. gxf3 Nc8 12. f4 Nc6 13. b4 a6 14. Rb1 f6 15. Bd3 Qe8 16. Qg4 f5 17. Qh3 a5 18. b5 Nb4 19. Be2 Nc2 20. Kh1 g6 21. Rg1 Rf7 22. Bf3 Bf8 23. Rb2 Na3 24. Bc1 Na7 25. Be2 Qd7 26. Rd1 Rd8 27. Qf1 Bh6 28. Rb3 Nc4 29. Bxc4 dxc4 30. Qxc4 c6 31. b6 Nc8 32. Ra3 Qe7 33. Qe2 Rg7 34. Rxa5 Qh4 35. Qf3 g5 36. Ra8 gxf4 37. Ne2 Rg4 38. a4 Kf7 39. a5 Nd6 40. Rxd8 Ne4 41. Rf1 Qxd8 42. Nc3 Ng5 43. Qd3 f3 44. Bxg5 Bxg5 45. Qxf3 Qxd4 46. a6 bxa6 47. h3 Rh4 48. b7 Qxe5 49. Rb1 Qb8 50. Qg3 f4 51. Qf3 Bd8 52. Ne4 Bc7 53. Rg1 Rh6 54. Ng5+ Ke7 55. Qxc6 Be5 56. Rd1 Qg8 57. Rd7+ Kf6 58. Rf7+ Qxf7 59. Nxf7 Kxf7 60. Kg2 1-0

[Event "Brno"]
[Site "Brno"]
[Date "1993.??.??"]
[Round "4"]
[White "Leko, Peter"]
[Black "Blatny, Pavel"]
[Result "0-1"]
[WhiteElo "2555"]
[BlackElo "2510"]
[PlyCount "86"]
[EventDate "1993.08.??"]
[Source "ChessBase"]

1. e4 Nf6 2. e5 Nd5 3. d4 d6 4. Nf3 Bg4 5. Be2 e6 6. O-O Be7 7. c4 Nb6 8. Nc3 O-O 9. Be3 d5 10. c5 Bxf3 11. gxf3 Nc8 12. f4 g6 13. Kh1 Kh8 14. Rg1 Bh4 15. Rg4 Nc6 16. Qg1 Rg8 17. Qd1 f5 18. Rg2 N8e7 19. a3 Rg7 20. Nb1 Qg8 21. Nd2 g5 22. Nf3 gxf4 23. Nxh4 fxe3 24. fxe3 Rf8 25. Qd2 f4 26. Rag1 Rxg2 27. Rxg2 Qf7 28. Rf2 Ng6 29. Bh5 Qe7 30. Ng2 fxe3 31. Qxe3 Rxf2 32. Qxf2 Qf8 33. Qg1 Nf4 34. Qf2 Ng6 35. Qg1 Qf5 36. Be2 Nf4 37. Bf3 Nxg2 38. Bxg2 Qf4 39. Qe1 Nxd4 40. Bh3 Qf3+ 41. Bg2 Qe2 42. Qxe2 Nxe2 43. Bh3 Nf4 0-1

[Event "URS-ch otbor"]
[Site "Beltsy"]
[Date "1979.??.??"]
[Round "?"]
[White "Kholmov, Ratmir D"]
[Black "Palatnik, Semon"]
[Result "1/2-1/2"]
[WhiteElo "2550"]
[BlackElo "2515"]
[PlyCount "92"]
[EventDate "1979.??.??"]
[Source "ChessBase"]

1. e4 Nf6 2. e5 Nd5 3. d4 d6 4. Nf3 Bg4 5. Be2 e6 6. O-O Be7 7. h3 Bh5 8. c4 Nb6 9. Nc3 O-O 10. Be3 d5 11. cxd5 Nxd5 12. Qb3 Nb6 13. Rfd1 c6 14. a4 a5 15. Bg5 Bxf3 16. Bxe7 Qxe7 17. Bxf3 Qb4 18. Qc2 Na6 19. Ne4 Qe7 20. g3 h6 21. h4 Rfd8 22. Be2 Nd5 23. Ra3 Nab4 24. Qd2 b6 25. Bh5 Rd7 26. Rf3 Rf8 27. Qe2 Qd8 28. Nd6 Rxd6 29. exd6 Qxd6 30. Rb3 Rd8 31. Ra3 g6 32. Bg4 h5 33. Bh3 Ne7 34. Raa1 Qd5 35. Bg2 Qf5 36. Rd2 Qf6 37. Rad1 Kg7 38. Qe5 Qxe5 39. dxe5 Ned5 40. f4 Kf8 41. Kf2 Ke7 42. Bf1 Rh8 43. Kf3 Rd8 44. Bc4 Rh8 45. Bd3 Nxd3 46. Rxd3 Kd7 1/2-1/2

[Event "JUG-chT"]
[Site "Budva"]
[Date "1996.??.??"]
[Round "1"]
[White "Rublevsky, Sergei"]
[Black "Bogdanovski, Vlatko"]
[Result "1-0"]
[WhiteElo "2610"]
[BlackElo "2455"]
[PlyCount "99"]
[EventDate "1996.??.??"]
[Source "ChessBase"]

1. e4 Nf6 2. e5 Nd5 3. d4 d6 4. Nf3 Bg4 5. Be2 e6 6. O-O Be7 7. c4 Nb6 8. h3 Bh5 9. Nc3 O-O 10. Be3 a6 11. b3 d5 12. c5 N6d7 13. Ne1 Bg6 14. Bd3 Nc6 15. Bxg6 hxg6 16. Qg4 Qe8 17. Nf3 f5 18. Qg3 Kh7 19. Bg5 Rh8 20. Ne2 Nf8 21. b4 Kg8 22. Bd2 Nd8 23. Nf4 Kh7 24. Rfb1 Nf7 25. h4 Qd8 26. b5 a5 27. Rb3 Qc8 28. Rab1 Qd7 29. Ra3 a4 30. b6 Ra6 31. bxc7 Qxc7 32. Rc3 Qd7 33. Rc2 Nd8 34. Rcb2 Qe8 35. Ne2 Kg8 36. Nc3 Rh5 37. Nb5 Qd7 38. Nd6 a3 39. Rb3 Ra7 40. Bg5 Bxd6 41. exd6 Nc6 42. Be7 g5 43. Bxf8 Kxf8 44. hxg5 g6 45. Ne5 Qh7 46. f3 Nxe5 47. dxe5 Qd7 48. Qf4 Qc6 49. Qb4 Ra4 50. Qb5 1-0

[Event "ARM-ch"]
[Site "Yerevan"]
[Date "2001.09.18"]
[Round "6"]
[White "Asrian, Karen"]
[Black "Nalbandian, Tigran"]
[Result "1/2-1/2"]
[WhiteElo "2604"]
[BlackElo "2458"]
[PlyCount "125"]
[EventDate "2001.09.13"]
[Source "ChessBase"]
[SourceDate "2001.02.01"]

1. e4 Nf6 2. e5 Nd5 3. d4 d6 4. Nf3 Bg4 5. Be2 e6 6. O-O Be7 7. h3 Bh5 8. c4 Nb6 9. Nc3 O-O 10. Be3 d5 11. c5 Bxf3 12. gxf3 Nc8 13. f4 f5 14. Kh2 Kh8 15. b4 Nc6 16. Rb1 Bh4 17. Bd3 Qe8 18. Ne2 Nd8 19. Ng1 Nf7 20. b5 Bd8 21. a4 Rg8 22. Nf3 Ne7 23. Rg1 Ng6 24. a5 b6 25. a6 Qd7 26. Rc1 Be7 27. cxb6 cxb6 28. Rc6 Nd8 29. Rc3 Bb4 30. Rc2 Nf7 31. Qb1 Ba5 32. Rgc1 Rgc8 33. Qb3 Ne7 34. Qa3 Kg8 35. Ng5 Rxc2 36. Rxc2 Nxg5 37. fxg5 Ng6 38. Qd6 Qxd6 39. exd6 Bb4 40. d7 Bd6+ 41. Kg2 Ne7 42. Rc6 Nxc6 43. bxc6 Kf7 44. Kf3 Ke7 45. g6 f4 46. Bd2 h5 47. Bb5 e5 48. dxe5 Bxe5 49. Bc3 Bc7 50. Ke2 Rg8 51. Kd3 Kd6 52. Bb4+ Ke6 53. Bc3 Kd6 54. Bb4+ Ke6 55. f3 Kf6 56. Kd4 Ke6 57. Kd3 Kf6 58. Bc3+ Ke6 59. Be1 Bd8 60. Bc3 Bc7 61. Be1 Bd8 62. Bc3 Bc7 63. Be1 1/2-1/2

[Event "Moscow RUS"]
[Site "Moscow RUS"]
[Date "1982.??.??"]
[Round "?"]
[White "Makarichev, Sergey Y"]
[Black "Jussupow, Artur M"]
[Result "1-0"]
[WhiteElo "2505"]
[BlackElo "2555"]
[PlyCount "73"]
[EventDate "1982.??.??"]
[Source "www.chesslib.no"]
[SourceDate "2004.05.04"]

1. e4 Nf6 2. e5 Nd5 3. d4 d6 4. Nf3 Bg4 5. Be2 e6 6. O-O Be7 7. c4 Nb6 8. exd6 cxd6 9. Nbd2 O-O 10. b4 Nc6 11. a3 d5 12. c5 Nc4 13. Nxc4 dxc4 14. Bb2 b5 15. cxb6 Qxb6 16. Rc1 a5 17. Rxc4 axb4 18. d5 Bxf3 19. Bxf3 bxa3 20. Ba1 Na5 21. Rg4 f6 22. d6 Bxd6 23. Bxa8 Rxa8 24. Bxf6 Bf8 25. h4 Nb3 26. Bxg7 Bxg7 27. Qd7 Qd4 28. Qxe6+ Kh8 29. Rxd4 Nxd4 30. Qd5 Rg8 31. Kh1 h6 32. Rc1 Rf8 33. Rc7 Nf5 34. Rf7 Rxf7 35. Qxf7 Nxh4 36. g3 Ng6 37. Qxg6 1-0

[Event "EU-chT (Men)"]
[Site "Plovdiv"]
[Date "1983.??.??"]
[Round "7"]
[White "Mestel, A Jonathan"]
[Black "Kovacevic, Vlatko"]
[Result "1-0"]
[WhiteElo "2505"]
[BlackElo "2555"]
[PlyCount "53"]
[EventDate "1983.06.??"]
[Source "ChessBase"]

1. e4 Nf6 2. e5 Nd5 3. d4 d6 4. Nf3 Bg4 5. Be2 e6 6. O-O Be7 7. h3 Bh5 8. c4 Nb6 9. Nc3 a6 10. Be3 O-O 11. exd6 cxd6 12. c5 Nc8 13. Qb3 Qc7 14. cxd6 Bxd6 15. Rac1 Nc6 16. d5 exd5 17. Nxd5 Qb8 18. Rfd1 N6e7 19. Bc5 Bxc5 20. Rxc5 Bxf3 21. Bxf3 Nc6 22. Ne3 Qa7 23. Qc3 N8e7 24. Rd7 Rfc8 25. Bxc6 Rxc6 26. Rxc6 Nxc6 27. Nf5 1-0